By the great Horn Spoon! / (Record no. 2806)

MARC details
000 -LEADER
fixed length control field 01067cam a22003257i 4500
005 - DATE AND TIME OF LATEST TRANSACTION
control field 20240116090107.0
020 ## - INTERNATIONAL STANDARD BOOK NUMBER
International Standard Book Number 9780316286121 (pb)
020 ## - INTERNATIONAL STANDARD BOOK NUMBER
International Standard Book Number 0316286125 (pb)
020 ## - INTERNATIONAL STANDARD BOOK NUMBER
International Standard Book Number 9780316285773 (hc)
020 ## - INTERNATIONAL STANDARD BOOK NUMBER
International Standard Book Number 0316285773 (hc)
020 ## - INTERNATIONAL STANDARD BOOK NUMBER
International Standard Book Number 9781442045569 (Paw Prints)
020 ## - INTERNATIONAL STANDARD BOOK NUMBER
International Standard Book Number 1442045566 (Paw Prints)
040 ## - CATALOGING SOURCE
Original cataloging agency DLC
Language of cataloging eng
Transcribing agency DLC
Description conventions rda
Modifying agency DLC
050 00 - LIBRARY OF CONGRESS CALL NUMBER
Classification number PZ7.F5992
082 ## - DEWEY DECIMAL CLASSIFICATION NUMBER
Classification number 823.91
100 1# - MAIN ENTRY--PERSONAL NAME
Personal name Fleischman, Sid
Dates associated with a name 1920-2010
Relator term author
245 10 - TITLE STATEMENT
Title By the great Horn Spoon! /
Statement of responsibility, etc. by Sid Fleischman ; illustrated by Eric von Schmidt
250 ## - EDITION STATEMENT
Edition statement Republished in 1986
260 ## - PUBLICATION, DISTRIBUTION, ETC.
Place of publication, distribution, etc. Boston :
Name of publisher, distributor, etc. Atlantic Monthly Press,
Date of publication, distribution, etc. 1963
300 ## - PHYSICAL DESCRIPTION
Extent 193 pages :
Other physical details illustrations ;
Dimensions 20 cm
500 ## - GENERAL NOTE
General note "Republished in 1988."
505 ## - FORMATTED CONTENTS NOTE
Formatted contents note O
520 ## - SUMMARY, ETC.
Summary, etc. Jack and the butler stow away on a side-wheeler bound for California where they join the Gold Rush of 1849.
521 ## - TARGET AUDIENCE NOTE
Target audience note 730
Source Lexile
521 ## - TARGET AUDIENCE NOTE
Target audience note O
Source Raz-Plus
700 1# - ADDED ENTRY--PERSONAL NAME
Personal name Schmidt, Eric von
Relator term illustrator
906 ## - LOCAL DATA ELEMENT F, LDF (RLIN)
a 7
b cbc
c orignew
d 4
e ncip
f 20
g y-gencatlg
942 ## - ADDED ENTRY ELEMENTS (KOHA)
Source of classification or shelving scheme Dewey Decimal Classification
Koha item type Books
Suppress in OPAC No
999 ## -
-- 2806
-- 2806
Holdings
Withdrawn status Lost status Source of classification or shelving scheme Damaged status Not for loan Collection Home library Current library Shelving location Date acquired Total Checkouts Full call number Barcode Date last seen Date last checked out Price effective from Koha item type
    Dewey Decimal Classification     Juvenile Fiction Footprints International School Library Network Toul Kork Campus Footprints International School Library Network Toul Kork Campus   01/16/2024 1 FLE 823.91 PZ7.F5992 FIS00311 05/09/2025 09/11/2024 01/16/2024 Books